|
|
|
|
| LEADER |
00000cam a2200000 a 4500 |
| 001 |
1/124710 |
| 008 |
220414s2008####gr | ||| |||| ||gre|| |
| 020 |
|
|
|a 9789608473331
|
| 040 |
|
|
|a GR-MyUa
|b gre
|c GR-MyUa
|e AACR2
|
| 041 |
0 |
|
|a gre
|
| 082 |
7 |
|
|a 759.436
|2 (23)
|
| 245 |
0 |
0 |
|a Paris peinture /
|c επιμελήτρια έκθεσης, κείμενα Caroline Fourgeaud-Laville.
|
| 260 |
|
|
|a Αθήνα :
|b Νηρέας,
|c 2008.
|
| 300 |
|
|
|a 128 σ. :
|b εικ. ;
|c 28 εκ.
|
| 500 |
|
|
|a Κατάλογος έκθεσης που πραγματοποιήθηκε στο Ίδρυμα Εικαστικών Τεχνών & Μουσικής Β & Μ Θεοχαράκη, 5 Ιουνίου-12 Οκτωβρίου 2008, Αθήνα.
|
| 500 |
|
|
|a Άνω του τίτλου: Πρεσβεία της Γαλλίας, Γαλλικό Ινστιτούτο Αθηνών.
|
| 650 |
|
0 |
|a Painting, French
|x Exhibitions
|y 20th century.
|
| 700 |
1 |
|
|a Fourgeaud-Laville, Caroline,
|e curf
|
| 970 |
|
|
|a Κοντού
|b Παρασκευή
|z 14/04/2022
|